Clic Les présidents français par durée de mandat - Statistiques

Statistiques générales
  • Ce quiz a été pris 18 fois
  • Le résultat moyen est 3 sur 24
Statistiques - réponses
Hint Explanation Réponse % Correct
Jacques Chirac Seul à avoir achevé un mandat de 7 ans et un de 5 ans 4381 jours
46%
Adolphe Thiers Démissionnaire 0633 jours
31%
Armand Fallières 2557 jours
31%
François Mitterrand Seul à avoir achevé deux mandats de 7 ans 5110 jours
31%
Jean Casimir-Perier Démissionnaire 0203 jours
23%
Paul Deschanel Démissionnaire 0217 jours
23%
Charles de Gaulle Démissionnaire 3763 jours
23%
François Hollande 1825 jours
15%
Emile Loubet 2556 jours
15%
Albert Lebrun Démissionnaire, changement de régime 2984 jours
15%
Félix Faure Mort en cours de mandat 1492 jours
8%
René Coty Fin de mandat anticipée car changement de constitution 1819 jours
8%
Nicolas Sarkozy 1825 jours
8%
Sadi Carnot Assassiné 2398 jours
8%
Valéry Giscard d'Estaing 2551 jours
8%
Vincent Auriol 2557 jours
8%
Paul Doumer Assassiné 0330 jours
0%
Alexandre Millerand Démissionnaire 1357 jours
0%
Louis-Napoléon Bonaparte Coup d'état avant la fin du mandat 1443 jours
0%
Georges Pompidou Mort en cours de mandat 1747 jours
0%
Patrice de Mac Mahon Démissionnaire 2077 jours
0%
Raymond Poincaré 2556 jours
0%
Gaston Doumergue 2556 jours
0%
Jules Grévy 1er réélu - Démissionnaire 3229 jours
0%
Aucun quiz correspondant
Distribution des résultats
% des personnes avec chaque résultat
Percentile par nombre de réponses
Votre historique - résultats
Vous n’avez pas pris ce quiz